000
00218nam a2200097Ia 4500
008
240625s9999 xx 000 0 und d
041
_a
eng
100
_a
LEON ALEXIS
245
_a
SQL A COMPLETE REFERENCE
260
_c
2003
999
_c
33287
_d
33287